Finding Consciousness (Record no. 13213)
[ view plain ]
| 000 -LEADER | |
|---|---|
| fixed length control field | 00436nam a2200109Ia 4500 |
| 008 - FIXED-LENGTH DATA ELEMENTS--GENERAL INFORMATION | |
| fixed length control field | 220615s9999||||xx |||||||||||||| ||und|| |
| 245 #0 - TITLE STATEMENT | |
| Title | Finding Consciousness |
| Remainder of title | The Neuroscience, Ethics, and Law of Severe Brain Damage |
| 546 ## - LANGUAGE NOTE | |
| Language note | English[eng] |
| 650 ## - SUBJECT ADDED ENTRY--TOPICAL TERM | |
| Topical term or geographic name entry element | consciousness, vegetative state, minimally conscious state, death, disability, pain, brain damage, neuroscience, fMRI, ethics |
| 700 ## - ADDED ENTRY--PERSONAL NAME | |
| Personal name | Sinnott-Armstrong, Walter |
| 942 ## - ADDED ENTRY ELEMENTS (KOHA) | |
| Koha item type | E-Books |
| Withdrawn status | Lost status | Damaged status | Not for loan | Home library | Current library | Date acquired | Total Checkouts | Date last seen | Price effective from | Koha item type |
|---|---|---|---|---|---|---|---|---|---|---|
| Kerala University of Digital Sciences, Innovation and Technology Knowledge Centre | Kerala University of Digital Sciences, Innovation and Technology Knowledge Centre | 15/06/2022 | 15/06/2022 | 15/06/2022 | E-Books |